000
00215nam a2200097Ia 4500
008
240331s9999 xx 000 0 und d
082
_b
FLA
100
_a
Flannagan, R.C
245
0
_a
Paradise lost :
_b
notes
942
_c
L
999
_c
3135
_d
3135